| 000 | 00367cam a22001217a 4500 | ||
|---|---|---|---|
| 008 | 180718b1983 xxu||||| |||| 00| 0 eng d | ||
| 082 | _aVx73 G68 | ||
| 100 | _aGormley, William T. | ||
| 245 |
_aThe politics of public utility regulation _cby William T. Gormley |
||
| 260 |
_aPittsburgh _bUniversity _c1983 |
||
| 300 | _a271p. | ||
| 650 | _aPublic utilities - United States | ||
| 999 |
_c345855 _d345855 |
||